With a clear intent (Record no. 80992)
[ view plain ]
| 000 -LEADER | |
|---|---|
| fixed length control field | 00799cab a22001935a 4500 |
| 001 - CONTROL NUMBER | |
| control field | L145995 |
| 008 - FIXED-LENGTH DATA ELEMENTS--GENERAL INFORMATION | |
| fixed length control field | 081201e20081111xxko f v 000 0 eng d |
| 035 ## - SYSTEM CONTROL NUMBER | |
| System control number | (Sirsi) u145995 |
| 041 0# - LANGUAGE CODE | |
| Language code of text/sound track or separate title | eng |
| 100 1# - MAIN ENTRY--PERSONAL NAME | |
| Personal name | Thompson, Keith |
| 245 00 - TITLE STATEMENT | |
| Title | With a clear intent |
| 260 ## - PUBLICATION, DISTRIBUTION, ETC. | |
| Date of publication, distribution, etc. | 2008 |
| 490 #0 - SERIES STATEMENT | |
| Series statement | Solicitors Journal |
| Volume/sequential designation | 152 (43) 11 November, 18-20 (2) |
| 520 ## - SUMMARY, ETC. | |
| Summary, etc. | Discusses the recent judgment in Diamond Build Ltd v Clapham Park Homes Ltd [2008] EHWC 1439 (TCC), delivered on June 2008, on the interpretation of a letter of intent. Concludes that letters of intent create many problems if they are not promptly followed by a main contract. |
| 590 ## - LOCAL NOTE (RLIN) | |
| Local note | KA |
| 651 #4 - SUBJECT ADDED ENTRY--GEOGRAPHIC NAME | |
| Geographic name | England and Wales |
| Chronological subdivision | 1543- |
| 690 ## - LOCAL SUBJECT ADDED ENTRY--TOPICAL TERM (OCLC, RLIN) | |
| Topical term or geographic name as entry element | BUILT ENVIRONMENT-CONSTRUCTION MANAGEMENT-BUILDING CONTRACT ADMINISTRATION |
| 942 ## - ADDED ENTRY ELEMENTS (KOHA) | |
| Suppress in OPAC | 0 |
| Withdrawn status | Lost status | Source of classification or shelving scheme | Damaged status | Not for loan | Home library | Current library | Shelving location | Date acquired | Total Checkouts | Full call number | Barcode | Date last seen | Copy number | Price effective from | Koha item type |
|---|---|---|---|---|---|---|---|---|---|---|---|---|---|---|---|
| Dewey Decimal Classification | London | London | Journal article | 01/12/2008 | L145995 | 145995-1001 | 06/08/2019 | 1 | 06/08/2019 | Journal article |